| 000 | 01294cad a22002415a 4500 | ||
|---|---|---|---|
| 001 | L149238 | ||
| 008 | 100209s20100203xxk f 000 0 eng d | ||
| 020 | _a9781845326159 | ||
| 035 | _a(Sirsi) u149238 | ||
| 041 | 0 | _aeng | |
| 050 | 0 | 4 | _a306.1 $2 18 |
| 110 | 2 |
_aUnited Kingdom _bHM Treasury |
|
| 245 | 0 | 0 |
_aInvestment in the UK private rented sector _bconsultation _h[electronic resource] |
| 260 |
_aLondon _bHM Treasury _c2010 |
||
| 505 | 2 | _aIntroduction -- Role of private renting -- Tenure choices and changing demand -- International comparisons -- Individual investment -- Institutional Investment -- Responding to consultation | |
| 520 | _aThe Private Rented Sector (PRS) is playing an increasingly important role in the housing market. Considers the contribution the PRS could make to addressing housing demand and increasing supply, and seeks views on whether there are any substantive barriers to investment. | ||
| 520 | _aConsultation closes 28 April 2010. | ||
| 590 | _aKA NTK | ||
| 651 | 4 |
_aEngland and Wales _y1543- |
|
| 690 | _aPROPERTY-RESIDENTIAL PROPERTY-DOMESTIC RESIDENTNIAL PROPERTY-HOUSING | ||
| 856 | 4 | 8 |
_uhttps://www.hm-treasury.gov.uk/consult_investment_private_rented_sector.htm _zView this online document free of charge at www.hm-treasury.gov.uk |
| 942 | _n0 | ||
| 999 |
_c110436 _d110436 |
||